Top 25 Companies France 🇫🇷 - Statistiques

Statistiques générales
  • Ce quiz a Ă©tĂ© pris 88 fois
  • Le rĂ©sultat moyen est 8 sur 25
Statistiques - réponses
Hint Réponse % Correct
1 Orange Télécommunications
86%
11 Groupe Renault Industrie automobile
78%
9 Groupe Crédit Agricole Banques
71%
3 SNCF Transports routiers et ferroviaires
70%
18 Total Pétrole et énergie
66%
16 Groupe Bouygues Construction
54%
13 LVMH Articles de luxe et bijouterie
49%
12 Société Générale Banques
43%
6 BNP Paribas Banques
42%
17 L'Oréal Cosmétiques
41%
15 VINCI Construction
39%
5 Engie Environnement et énergies renouvelables
38%
10 AXA Assurances
37%
14 Sanofi Industrie pharmaceutique
33%
19 Dassault Systèmes Logiciels informatiques
27%
7 Safran Aéronautique et aérospatiale
18%
24 Stellantis Industrie automobile
10%
4 Thales Technologies et services de l'information
10%
2 Capgemini Technologies et services de l'information
9%
8 Groupe BPCE Banques
5%
25 Atos Technologies et services de l'information
4%
20 Sopra Steria Technologies et services de l'information
1%
21 Faurecia Industrie automobile
0%
23 NXP Semiconductors Semi-conducteurs
0%
22 Scheider Electric Composants électriques/électroniques
0%
Aucun quiz correspondant
Distribution des résultats
% des personnes avec chaque résultat
Percentile par nombre de réponses
Votre historique - résultats
Vous n’avez pas pris ce quiz